Movies Quiz

Random Movies or Disney Quiz
Score 0/16 Timer 01:00
0 Plays Today
% Correct
Lightning McQueen
92.1%
Tow Mater
87.8%
Doc Hudson
82.6%
Red
81.2%
Sally Carrera
77.4%
Sarge
74.4%
Mack
74%
Guido
68.9%
% Correct
Flo
68.4%
Jackson Storm
68.1%
Finn McMissile
67%
Luigi
66.5%
Ramone
64.3%
Holley Shiftwell
59.9%
Fillmore
58.3%
Cruz Ramirez
47.8%
Remove Ads.
Support Sporcle.
Get the best of Sporcle when you Go Orange. This ad-free experience offers more features, more stats, and more fun while also helping to support Sporcle. Thank you for becoming a member.

You're not logged in!

Compare scores with friends on all Sporcle quizzes.
OR
Log In

Show Comments

Extras

Top Quizzes Today


Score Distribution

Your Account Isn't Verified!

In order to create a playlist on Sporcle, you need to verify the email address you used during registration. Go to your Sporcle Settings to finish the process.

Report this User

Report this user for behavior that violates our Community Guidelines.

Details: